00588nam a2200181 a 450000100100000000500170001000800410002704000250006808200260009310000360011924500330015526000620018830000440025049000350029465000210032965000250035083000310037500003504620200930074053.0100624s1969 cu 000 f spa d aDO-SdBNPbspacBNPHU aAr863.44bC827r, 19691 aCortázar, Julio, d1914-198410aRayuela /cJulio Cortázar. aBuenos Aires, Argentina :bCasa de Las Américas,c1969. a155 p. en varias paginaciones ;c18 cm.1 aLiteratura latinoamericanav44 4aNovela argentina 4aLiteratura argentina 0aLiteratura latinoamericana